00761nam a2200253 a 4500001001300000003000900013005001700022008004100039020002300080082001600103100002100119245004200140260004400182300000900226500003500235505002000270650002900290650002200319700002100341902000800362942000700370952011300377999001700490nice12345678IN_TiNIC20260116013652.0050524s1989 lona grp 000 0 eng  a0194564 c19500a181.4bRAD5 aRadhakrishnan, S aEastern Religious and Western Thought aLondan bOxford University Press c1989 a196p aincludes index and biblioraphy2 aAppendix, Index aPhilosophy-Radhakrishnan aPhilosophy-Indian1 aRadhakrishnan, S bSRS cBK 00104070aHMIbHMId2010-01-12g195.00l11m3o181.4 RAD5p016913r2024-03-05s2023-06-30w2026-01-16yEB c11887d11887